Tratado de alergia / (Record no. 27568)

MARC details
000 -LEADER
campo de control de longitud fija 00530nam a2200169 i 4500
001 - NÚMERO DE CONTROL
campo de control 27568
003 - IDENTIFICADOR DE NÚMERO DE CONTROL
campo de control ES-MaACL
005 - FECHA Y HORA DE LA ÚLTIMA TRANSACCIÓN
campo de control 20230906153641.0
007 - CAMPO FIJO DE DESCRIPCIÓN FÍSICA--INFORMACIÓN GENERAL
campo de control de longitud fija t|
008 - DATOS DE LONGITUD FIJA--INFORMACIÓN GENERAL
campo de control de longitud fija 030115s1960 sp ||||1| spa d
100 1# - ENTRADA PRINCIPAL--NOMBRE DE PERSONA
Nombre de persona Arasa Bernaus, Francisco.
9 (RLIN) 22350
245 10 - MENCIÓN DEL TÍTULO
Título Tratado de alergia /
Mención de responsabilidad, etc. dirigido por F. Arasa ; prólogo por Nicola Pende.
260 ## - PUBLICACIÓN, DISTRIBUCIÓN, ETC.
Lugar de publicación, distribución, etc. Barcelona, etc. :
Nombre del editor, distribuidor, etc. Ed. Científico-Médica,
Fecha de publicación, distribución, etc. 1960.
300 ## - DESCRIPCIÓN FÍSICA
Extensión XXIV, 1003 p. :
Otras características físicas il. ;
Dimensiones 25 cm.
700 1# - ENTRADA AGREGADA--NOMBRE PERSONAL
Nombre de persona Pende, Nicola.
9 (RLIN) 90160
852 ## - LOCALIZACIÓN
Ubicación ES-MaACL
Número de control de estantería C-18378
Sublocalización o colección R.46731
Holdings
Estatus retirado Estado de pérdida Estado de daño No para préstamo Biblioteca de origen Biblioteca actual Ubicación en estantería Fecha de adquisición Fuente de adquisición Total de préstamos Signatura topográfica completa Código de barras Visto por última vez Precio de reemplazo Tipo de ítem Koha
        Biblioteca del Ateneo de Madrid Biblioteca del Ateneo de Madrid Galería 17/01/2008     C-18378 1028466 23/02/2023 23/02/2023 Libro impreso